ბათუმის შოთა რუსთაველის სახელმწიფო უნივერსიტეტის ბიბლიოთეკა

100 ლექსი (ბიბ.ჩანაწერი № 43147)

000 -LEADER
fixed length control field 00579nam a2200217Ia 4500
001 - CONTROL NUMBER
control field 9868
003 - CONTROL NUMBER IDENTIFIER
control field GE_BSU
008 - FIXED-LENGTH DATA ELEMENTS--GENERAL INFORMATION
fixed length control field 181216s||||||||xx |||||||||||||| ||und||
040 ## - CATALOGING SOURCE
Transcribing agency GE_BSU
080 ## - UNIVERSAL DECIMAL CLASSIFICATION NUMBER
Universal Decimal Classification number 821.353.1–1
100 ## - MAIN ENTRY--PERSONAL NAME
Personal name ნიშნიანიძე,შოთა
245 ## - TITLE STATEMENT
Title 100 ლექსი
245 ## - TITLE STATEMENT
Statement of responsibility, etc. რედ.გურამ გოგიაშვილი
260 ## - PUBLICATION, DISTRIBUTION, ETC.
Place of publication, distribution, etc. თბილისი
260 ## - PUBLICATION, DISTRIBUTION, ETC.
Name of publisher, distributor, etc. სამშობლო
260 ## - PUBLICATION, DISTRIBUTION, ETC.
Date of publication, distribution, etc. 1993
300 ## - PHYSICAL DESCRIPTION
Extent 120გვ.20სმ.
653 ## - INDEX TERM--UNCONTROLLED
Uncontrolled term 100 ლექსი
942 ## - ADDED ENTRY ELEMENTS (KOHA)
Koha item type წიგნი
ეგზემპლარები
Withdrawn status Lost status Damaged status Not for loan Date acquired Barcode Date last seen Price effective from Koha item type
        2018-12-17 32866 2018-12-17 2018-12-17 წიგნი
        2018-12-17 32867 2018-12-17 2018-12-17 წიგნი